| 000 | 00909nam a22002537a 4500 | ||
|---|---|---|---|
| 005 | 20170123162318.0 | ||
| 010 | _aA-374781 | ||
| 020 |
_c60.00 _a8171600034 |
||
| 035 | _aA-374781 | ||
| 037 | _bCen Lib/Ret | ||
| 040 |
_aDPL _bUR |
||
| 082 |
_a841 _bص د ی |
||
| 100 |
_aصدیقی، افتخار بیگم _9115945 |
||
| 245 |
_aدیوان شاکر ناجی : _cافتخار بیگم صدیقی _bمح مقدمہ و فرہنگ / |
||
| 246 |
_aDeewan shakar naji : mh muqadama v firhang / _bby Iftekhar Begam Sidiqi |
||
| 260 |
_aدہلی _bانجمن ترقی اردو _c1989 |
||
| 270 |
_aاردو گھر، روس ایونیو _bدہلی _e110002 |
||
| 300 |
_a454p. _c20cm(Hb) |
||
| 650 |
_aاردو ادب _9115946 |
||
| 650 |
_aاردو نظم _9115947 |
||
| 650 |
_aUrdu literature _9115948 |
||
| 650 |
_aUrdu poetry _9115949 |
||
| 942 |
_2ddc _cUR _h841 _mص د ی |
||
| 999 |
_c106902 _d106902 |
||